Szczegóły MARC21

Organizacja i analiza rynku /

005 -DATA I CZAS OSTATNIEJ MODYFIKACJI [,]
    • @
    • pole kontrolne
    • 20070822100610.0
020 -Międzynarod. znormalizowany nr książki - ISBN [ , ]
    • a
    • Numer ISBN
    • 8389393905 Find
040 -Instytucja sporządzająca opis [ , ]
    • a
    • Instytucja, która sporządziła opis (NP)
    • SZCZ U/ET
    • c
    • Instytucja, która sporządziła rekord (NP)
    • SZCZ U/ET
    • d
    • Instytucja, która zmodyfikowała rekord (P)
    • SZCZ U/RJ
041 -Język dokumentu [0, ]
    • a
    • Język tekstu (P)
    • polski
044 -Kraj miejsca wydania [ , ]
    • a
    • Kraj miejsca wydania
    • Polska
942 -Rodzaj dokumentu [ , ]
    • c
    • Rodzaj dokumentu
    • Książka
100 -Hasło główne - nazwa osobowa [1, ]
    • a
    • Nazwa osobowa (NP)
    • Pałasz, Lech.
    • d
    • Daty biograficzne (NP)
    • (1937-).
245 -Strefa tytułu i oznaczenia odpowiedzialności [1,0]
    • a
    • Tytuł
    • Organizacja i analiza rynku / Find
    • c
    • Pozostałe elementy strefy tytułu i oznaczenia odpowiedzialności (NP)
    • Lech Pałasz.
260 -Strefa adresu wydawniczego [ , ]
    • a
    • Miejsce wydania (P)
    • Szczecin :
    • b
    • Nazwa wydawcy (P)
    • SNIGiR,
    • c
    • Data wydania (P)
    • 2006.
300 -Strefa opisu fizycznego [ , ]
    • a
    • Określenie formy książki i/lub objętość (NP)
    • 211 s. :
    • b
    • Oznaczenie ilustracji (NP)
    • wykr. ;
    • c
    • Format (NP)
    • 24 cm.
490 -Strefa serii i książki wielotomowej - forma nie do wyszukiwania [1, ]
    • a
    • Tytuł (P)
    • Podręczniki / Stowarzyszenie Naukowe Instytut Gospodarki i Rynku ; Find
    • v
    • Numeracja (P)
    • 3
830 -Hasło dodatkowe serii i opisu książki wielotomowej - tytuł ujednolicony/tytuł [ ,0]
    • a
    • Tytuł ujednolicony/tytuł (NP)
    • Podręczniki - Stowarzyszenie Naukowe Instytut Gospodarki i Rynku ;
    • v
    • Oznaczenie tomu (NP)
    • 3
500 -Uwaga ogólna [ , ]
    • a
    • Uwaga ogólna (NP)
    • Bibliogr.
080 -Uniwersalna Klasyfikacja Dziesiętna [ , ]
    • 2
    • Identyfikator wydania tablic
    • UDC-P022
    • a
    • Symbol klasyfikacji
    • 330.342.172
    • b
    • Dopowiedzenie
    • Gospodarka rynkowa (wolnorynkowa).
980 -Symbol UKD [ , ]
    • a
    • UKD
    • 330.342.172
920 -ISBN [ , ]
    • a
    • ISBN
    • 83-89393-90-5 Find
Status udost. Numer inwentarzowy Sygnatura Lokalizacja Data inwentaryzacji
-2T.9462T.9462T2007-05-16